000 00236nam a2200097Ia 4500
001 979320
005 20250826220805.0
008 250824s9999 xx 000 0 und d
245 0 _aADI: AYLİN
_cAYŞE KULİN
260 _bEverest Yayınları
999 _c979320
_d979320